Sweater Weather - The Neighbourhood - Statistics

General Stats
  • This quiz has been taken 420 times
  • The average score is 273 of 349
Answer Stats
% Correct
I
100%
a
99%
in
95%
my
95%
the
95%
The
95%
to
95%
To
95%
an
93%
hand
93%
You
93%
you
93%
is
92%
sweater
92%
your
92%
all
91%
am
91%
OUTRO | VERSE 1 | VERSE 2 And
91%
and
91%
But
91%
but
91%
hands
91%
California
90%
man
90%
beach
89%
hate
89%
let
89%
of
89%
with
88%
sand
87%
world
87%
stand
86%
cold
85%
cold,
85%
No
85%
no
85%
no,
85%
on
85%
toes
85%
Touch
85%
touch
85%
want
85%
here
84%
I'll
84%
it
84%
it's
84%
It's
84%
me
84%
love,
83%
love
83%
neck
83%
One
83%
one
83%
too
83%
yours
83%
about
82%
about,
82%
adventure
82%
For
82%
for
82%
gravity
82%
have
82%
then
82%
us,
82%
house
81%
so
81%
what
81%
Head
80%
Just
80%
just
80%
Let's
80%
think
80%
holes
79%
shirt,
79%
blouse
77%
hold
77%
out
77%
sleeves
77%
two
77%
CHORUS 'Cause
76%
'cause
76%
clouds
76%
little
76%
now,
76%
those
75%
find
73%
PRE-CHORUS She
73%
shorts
73%
take
73%
waist
73%
say
72%
away
71%
breath
71%
centered
71%
high
71%
knows
71%
mouths
71%
not
71%
waisted
71%
Both
70%
place
68%
much
66%
far
65%
mind
65%
Use
65%
if
64%
that
64%
Sometimes
63%
tell
63%
Nothing
62%
don't
61%
may
56%
move
56%
Put
55%
silence
55%
start
55%
this
54%
wanna
54%
face
53%
there's
53%
Outside
52%
warm
52%
yeah
52%
Inside
50%
taste,
50%
down
49%
left
48%
minute
48%
wouldn't
48%
finger
47%
hearts
47%
watch
47%
guides
46%
meets
46%
starts
46%
pour
45%
PRE-CHORUS Coming
44%
These
44%
tongue
44%
goosebumps
43%
adore,
40%
raise
39%
everyone
35%
beats
34%
BRIDGE Whoa,
33%
whoa,
33%
whoa
33%
hardest
28%
other
27%
No matching quizzes found
Score Distribution
Percent of People with Each Score
Percentile by Number Answered
Your Score History
You have not taken this quiz